Stopping by woods on a snowy evening / (Record no. 8947)

MARC details
000 -LEADER
fixed length control field 01317pam a2200373 i 4500
001 - CONTROL NUMBER
control field 8947
003 - CONTROL NUMBER IDENTIFIER
control field FISKH
005 - DATE AND TIME OF LATEST TRANSACTION
control field 20251111092820.0
008 - FIXED-LENGTH DATA ELEMENTS--GENERAL INFORMATION
fixed length control field 780418s1978 nyua j 000 0 eng
010 ## - LIBRARY OF CONGRESS CONTROL NUMBER
LC control number 78008134
020 ## - INTERNATIONAL STANDARD BOOK NUMBER
International Standard Book Number 0525401156
020 ## - INTERNATIONAL STANDARD BOOK NUMBER
International Standard Book Number 9780525401155
040 ## - CATALOGING SOURCE
Original cataloging agency DLC
Language of cataloging eng
Transcribing agency DLC
Modifying agency DLC
050 00 - LIBRARY OF CONGRESS CALL NUMBER
Classification number PZ8.3.F937
Item number St 1978
051 ## - LIBRARY OF CONGRESS COPY, ISSUE, OFFPRINT STATEMENT
Classification number PZ8.3.F937
Item number St 1978 Copy 2
Copy information Juv Coll
082 00 - DEWEY DECIMAL CLASSIFICATION NUMBER
Classification number 811/.5/2
100 1# - MAIN ENTRY--PERSONAL NAME
Personal name Frost, Robert,
Dates associated with a name 1874-1963.
245 10 - TITLE STATEMENT
Title Stopping by woods on a snowy evening /
Statement of responsibility, etc. Robert Frost ; illustrated by Susan Jeffers.
260 ## - PUBLICATION, DISTRIBUTION, ETC.
Place of publication, distribution, etc. New York :
Name of publisher, distributor, etc. Dutton,
Date of publication, distribution, etc. 1978
300 ## - PHYSICAL DESCRIPTION
Extent 32 unnumbered pages :
Other physical details color illustrations ;
Dimensions 27 cm
505 ## - FORMATTED CONTENTS NOTE
Formatted contents note NP<br/>
520 ## - SUMMARY, ETC.
Summary, etc. Illustrations of wintry scenes accompany each line of the well-known poem.
650 #0 - SUBJECT ADDED ENTRY--TOPICAL TERM
Topical term or geographic name entry element Children's poetry, American.
650 #0 - SUBJECT ADDED ENTRY--TOPICAL TERM
Topical term or geographic name entry element Winter
Form subdivision Juvenile poetry.
650 #1 - SUBJECT ADDED ENTRY--TOPICAL TERM
Topical term or geographic name entry element Winter
650 #1 - SUBJECT ADDED ENTRY--TOPICAL TERM
Topical term or geographic name entry element American poetry.
655 #7 - INDEX TERM--GENRE/FORM
Genre/form data or focus term Poetry.
Source of term lcgft
Authority record control number or standard number https://id.loc.gov/authorities/genreForms/gf2014026481
700 1# - ADDED ENTRY--PERSONAL NAME
Personal name Jeffers, Susan.
710 2# - ADDED ENTRY--CORPORATE NAME
Corporate name or jurisdiction name as entry element Juvenile Collection (Library of Congress)
Institution to which field applies DLC
856 42 - ELECTRONIC LOCATION AND ACCESS
Materials specified Contributor biographical information
Uniform Resource Identifier <a href="http://www.loc.gov/catdir/enhancements/fy1209/78008134-b.html">http://www.loc.gov/catdir/enhancements/fy1209/78008134-b.html</a>
906 ## - LOCAL DATA ELEMENT F, LDF (RLIN)
a 7
b cbc
c orignew
d 1
e ocip
f 19
g y-gencatlg
942 ## - ADDED ENTRY ELEMENTS (KOHA)
Source of classification or shelving scheme Dewey Decimal Classification
Koha item type Books
Suppress in OPAC No
Holdings
Withdrawn status Lost status Source of classification or shelving scheme Damaged status Not for loan Collection Home library Current library Shelving location Date acquired Total Checkouts Full call number Barcode Date last seen Copy number Price effective from Koha item type
    Dewey Decimal Classification     Juvenile Fiction Footprints International School Library Network Toul Tom Poung Campus Footprints International School Library Network Toul Tom Poung Campus TTP Primary Green Bookshelves 11/11/2025   FRO FISSE02156 11/11/2025 1 11/11/2025 Books